Fond národného majetku vyhlási v najbližších dňoch verejnú súťaž na predaj bratislavského hotela Carlton
Projekt predaja hotela Carlton v Bratislave, ktorý pripravil Fond národného majetku SR, sekcia realizujúca verejné súťaže. Projekt dopĺňa informačné memorandum s regulatívmi pre rekonštrukciu a dostavbu hotela. Podmienky verejnej súťaže.
Guardado en:
| Autor principal: | |
|---|---|
| Formato: | Capítulo de libro |
| Lenguaje: | eslovaco |
| Materias: | |
| Etiquetas: |
Sin Etiquetas, Sea el primero en etiquetar este registro!
|
MARC
| LEADER | 00000naa a2200000 4500 | ||
|---|---|---|---|
| 001 | r020127 | ||
| 005 | 20221213100831.5 | ||
| 041 | 0 | |a slo | |
| 044 | |a SK | ||
| 245 | 1 | 0 | |a Fond národného majetku vyhlási v najbližších dňoch verejnú súťaž na predaj bratislavského hotela Carlton |c M. Zbudila |
| 520 | |a Projekt predaja hotela Carlton v Bratislave, ktorý pripravil Fond národného majetku SR, sekcia realizujúca verejné súťaže. Projekt dopĺňa informačné memorandum s regulatívmi pre rekonštrukciu a dostavbu hotela. Podmienky verejnej súťaže. | ||
| 610 | 2 | 0 | |a hotely |
| 610 | 2 | 0 | |a Carlton |
| 610 | 2 | 0 | |a Bratislava |
| 610 | 2 | 0 | |a súťaž verejná |
| 610 | 2 | 0 | |a nehnuteľnosti |
| 610 | 2 | 0 | |a projekty |
| 610 | 2 | 0 | |a rekonštrukcia |
| 610 | 2 | 0 | |a FNM SR Bratislava |
| 100 | 1 | |a Zbudila, M. | |